| 000 | 00606nam a2200241 a 4500 | ||
|---|---|---|---|
| 001 | 0001-0967 | ||
| 003 | ELIB.Books | ||
| 008 | 140916 2010 eng | ||
| 020 | _a0877847703 | ||
| 035 | _a(ELIB.Books)0001-1121 | ||
| 092 |
_a231.042 _bPac |
||
| 100 | _aPacker, J. I. | ||
| 245 | _aKnowing God | ||
| 260 |
_aDowners Grove _bInterVarsity Press _c1 973 |
||
| 300 |
_a256 _c20.8 Cm |
||
| 500 | _aDr. Yahalaylayla | ||
| 650 | _aWays of Knowing God | ||
| 856 |
_nKBTS; Library _uKBTS; Elib. |
||
| 942 |
_2ddc _cBK |
||
| 990 | _a1 | ||
| 998 |
_cbat _e2014-09-16 |
||
| 999 |
_c10967 _d10967 |
||